00325nam a2200133Ia 4500008004100000020001500041041001200056082001600068100001600084245004300100260002800143300000800171650001200179221030s9999 xx 000 0 und d a8172242832 aEnglish a105.23bDay aL. H. Dayal 0aHints for Self Culturecby L. H. Dayal bJaico Pub,aDelhic2000 a378 aGeneral